| 000 | | | 05975nmc2a22000003x 450 |
| 001 | | | f8c1c598-e8e2-49a2-a20d-9bf3ba8f2be0 |
| 005 | | | 20190605144806.0 |
| 100 | ## | $a | 20161025l18081836k l0rusy0189 ca |
| 101 | 0# | $a | rus |
| 102 | ## | $a | RU |
| 200 | 1# | $a | Дело по предписанию господина директора о прекращении с 1 января 1836 года найма от господина действительного статского советника князя Шаховского плотников |
| | $j | 15 июня 1808 г. - 3 января 1836 г. |
| 251 | ## | $c | Дело |
| 300 | ## | $a | Дело |
| 801 | #0 | $a | RU |
| | $b | РГИА |
| | $c | 20161025 |
| | $g | RCR |
| 801 | #1 | $a | RU |
| | $b | ГлавНИВЦ |
| | $c | 20161025 |
| | $2 | rusmarc |
| 801 | #2 | $a | RU |
| | $b | ПБ им. Б.Н. Ельцина |
| | $c | 20180928 |
| | $g | RCR |
| | $2 | rusmarc |
| 850 | ## | $a | РГИА |
| 852 | ## | $a | РГИА |
| | $e | Федеральное казенное учреждение "Российский государственный исторический архив" (РГИА) |
| | $j | 131 |
| 937 | ## | $h | РГИА |
| | $d | 12233949 |
| | $a | ASBIBLIO_SCAN |
| 462 | #0 | $1 | 001dd3991dc-24e1-42ec-8838-ca4255420416 |
| | $1 | 2001 |
| | $a | 1746-1850 гг. |
| | $1 | 251 |
| | $c | Опись |
| | $1 | 852 |
| | $j | 1 |
| 461 | #0 | $1 | 0019264ebf8-de62-4f1a-9eb4-9f22098dbbd5 |
| | $1 | 2001 |
| | $a | Дирекция императорских театров МИДв |
| | $1 | 251 |
| | $c | Фонд |
| | $1 | 852 |
| | $j | 497 |
| 215 | ## | $a | 111 л. |
| | $d | 36,5х26 см |
| 371 | ## | $a | Документ не является опубликованным и широко распространяемым |
| 105 | ## | $a | y### |
| 122 | 2# | $a | d |
| 035 | ## | $a | f8c1c598-e8e2-49a2-a20d-9bf3ba8f2be0 |
| 856 | ## | $u | http://readingroom.main.prlib.ru/item.aspx?id_node=n118718044&mode=full |
| 600 | #1 | $2 | nlr_sh1 |
| | $3 | RU\NLR\AUTH\661033345 |
| | $a | Шаховской |
| | $g | Александр Александрович |
| | $b | А.А. |
| | $f | 1777 - 1846 |
| | $j | Документы и материалы |
| 601 | 01 | $2 | prlib_sh |
| | $3 | LIBNET\UAF\0000080151 |
| | $a | Россия |
| | $b | Дирекция императорских театров |
| | $x | Деятельность |
| | $j | Документы и материалы |
| 601 | 02 | $a | Александринский театр |
| | $2 | nlr_sh |
| | $3 | RU\NLR\AUTH\661367556 |
| | $c | Санкт-Петербург, город |
| | $j | Документы и материалы |
| 606 | 1# | $2 | nlr_sh1 |
| | $3 | RU\NLR\AUTH\66607779 |
| | $a | Крепостные рабочие |
| | $y | Россия |
| | $z | 19 в. |
| | $j | Документы и материалы |
| 605 | ## | $2 | acquisition_Prlib |
| | $3 | LIBNET\UAF\0000080478 |
| | $a | Год театра в России |
| | $l | коллекция |
| 605 | ## | $2 | acquisition_Prlib |
| | $3 | DITM\AF\0000004166 |
| | $a | Россия в лицах |
| | $l | коллекция |
| 605 | ## | $a | Власть |
| | $l | коллекция |
| | $2 | acquisition_Prlib |
| | $3 | DITM\AF\0000002775 |
| 686 | ## | $2 | rubbk |
| | $a | 85.33 |
| | $v | LBC/M |
| 686 | ## | $a | 63.3(2)521-7 |
| | $v | LBC/M |
| | $2 | rubbk |